Efectos positivos de la activación del conflicto de tarea sobre el clima de los equipos de trabajo /

El objetivo del presente trabajo es analizar las relaciones existentes entre el tipo de conflicto-centrado en las tareas vs. centrado en las relaciones- y el clima en los equipos de trabajo. 169 empleados de diferentes organizaciones de servicios fueron analizados. El tipo de conflicto se midió medi...

Descripción completa

Detalles Bibliográficos
Autor principal: Medina, Francisco
Formato: Analitica de revista
Lenguaje:español

MARC

LEADER 00000cab a2200000 a 4500
001 041317
003 UAHC_CL
005 20170803124550.0
008 040428b xx j 000 1 spa
040 |a UAHC_CL  |c UAHC_CL  |d UAHC_CL 
100 1 |a Medina, Francisco 
245 1 0 |a Efectos positivos de la activación del conflicto de tarea sobre el clima de los equipos de trabajo /  |c Fancisco-J. Medina ; Lourdes Munduate ; Inés Martínez ; Miguel-A. Dorado ; Miguel-A Mañas. 
300 |a pp. 3-15 
500 |a Palabras Clave: Conflicto Organizacional - Conflicto De Tareas - Conflicto Relacional - Satisfacción - Clima Laboral 
500 |a Palabras Clave: Conflicto Organizacional - Conflicto De Tareas - Conflicto Relacional - Satisfacción - Clima Laboral 
520 |a El objetivo del presente trabajo es analizar las relaciones existentes entre el tipo de conflicto-centrado en las tareas vs. centrado en las relaciones- y el clima en los equipos de trabajo. 169 empleados de diferentes organizaciones de servicios fueron analizados. El tipo de conflicto se midió mediante la escala de Jehn (1995) -conflicto de tarea- y la escala de Cox (1998, cfr., Friedman, Tidd, Currall y Tsai, 2000) -conflicto relacional-; el clima organizacional fue medido mediante la escala FOCUS- 93 (van Muijen et al., 1999). Los resultados confirman que un determinado nivel de controversia entre los empleados en cuanto a aspectos relacionados con la actividad laboral, facilita la aparición de un clima laboral caracterizado por la creatividad y la adopción de retos laborales; mientras que un elevado conflicto centrado en las relaciones personales afecta negativamente al clima de dichos equipos de trabajo. Del mismo modo se confirma que la satisfacción de los trabajadores se incrementa cuando éstos pueden plantear controversias constructivas sobre del trabajo, en un clima laboral que permita la consecución de objetivos grupales. 
520 |a El objetivo del presente trabajo es analizar las relaciones existentes entre el tipo de conflicto-centrado en las tareas vs. centrado en las relaciones- y el clima en los equipos de trabajo. 169 empleados de diferentes organizaciones de servicios fueron analizados. El tipo de conflicto se midió mediante la escala de Jehn (1995) -conflicto de tarea- y la escala de Cox (1998, cfr., Friedman, Tidd, Currall y Tsai, 2000) -conflicto relacional-; el clima organizacional fue medido mediante la escala FOCUS- 93 (van Muijen et al., 1999). Los resultados confirman que un determinado nivel de controversia entre los empleados en cuanto a aspectos relacionados con la actividad laboral, facilita la aparición de un clima laboral caracterizado por la creatividad y la adopción de retos laborales; mientras que un elevado conflicto centrado en las relaciones personales afecta negativamente al clima de dichos equipos de trabajo. Del mismo modo se confirma que la satisfacción de los trabajadores se incrementa cuando éstos pueden plantear controversias constructivas sobre del trabajo, en un clima laboral que permita la consecución de objetivos grupales. 
759 |a PP142 
773 0 |t Revista de sociología  |w 041937 
900 |a REV. PSICOL. SOC.-01/04 
942 |c REVA 
952 |0 0  |1 0  |4 0  |6 REV___PSICOL__SOC_01_04_000000000000000  |7 0  |8 General  |9 77648  |a BC  |b BC  |c General  |d 2017-08-03  |l 0  |o REV. PSICOL. SOC.-01/04  |p FICTICIO6786  |r 2019-01-08 00:00:00  |t 1  |w 2017-08-03  |y REVA 
999 |c 41317  |d 41317